Normal view
MARC view
- Noorani, Amjad
Entry Personal Name
001 - CONTROL NUMBER
- control field: 108711
003 - CONTROL NUMBER IDENTIFIER
- control field: NUST
005 - DATE AND TIME OF LATEST TRANSACTION
- control field: 20230208094802.0
008 - FIXED-LENGTH DATA ELEMENTS
- fixed length control field: 230208|| aca||aabn | a|a d
040 ## - CATALOGING SOURCE
- Original cataloging agency: NUST
- Transcribing agency: NUST
100 ## - HEADING--PERSONAL NAME
- Personal name: Noorani, Amjad
670 ## - SOURCE DATA FOUND
- Source citation: Work cat.: (NUST)0: Noorani, Amjad, author., Agents of change :
